The Surveyors Quarterly (Record no. 119045)

MARC details
000 -LEADER
fixed length control field 00574cas a22001935a 4500
001 - CONTROL NUMBER
control field L138809
008 - FIXED-LENGTH DATA ELEMENTS--GENERAL INFORMATION
fixed length control field 070712d si qr p 0 a0eng u
035 ## - SYSTEM CONTROL NUMBER
System control number (Sirsi) u138809
041 0# - LANGUAGE CODE
Language code of text/sound track or separate title eng
110 2# - MAIN ENTRY--CORPORATE NAME
Corporate name or jurisdiction name as entry element Singapore Institute of Surveyors
9 (RLIN) 5271
245 04 - TITLE STATEMENT
Title The Surveyors Quarterly
260 ## - PUBLICATION, DISTRIBUTION, ETC.
Place of publication, distribution, etc. Outram Park
Name of publisher, distributor, etc. Singapore Institute of Surveyors
Date of publication, distribution, etc. [19-?]-
362 0# - DATES OF PUBLICATION AND/OR SEQUENTIAL DESIGNATION
Dates of publication and/or sequential designation (2) November 1976-(1) October 1979
554 ## -
-- Four per year
651 #4 - SUBJECT ADDED ENTRY--GEOGRAPHIC NAME
Geographic name Singapore
690 ## - LOCAL SUBJECT ADDED ENTRY--TOPICAL TERM (OCLC, RLIN)
Topical term or geographic name as entry element MANAGEMENT-BUSINESS MANAGEMENT-PROFESSIONAL PRACTICE
785 00 - SUCCEEDING ENTRY
Title Surveyor and Valuer
942 ## - ADDED ENTRY ELEMENTS (KOHA)
Suppress in OPAC 0
Holdings
Withdrawn status Lost status Source of classification or shelving scheme Damaged status Not for loan Home library Current library Shelving location Date acquired Total Checkouts Full call number Barcode Date last seen Price effective from Koha item type
    Dewey Decimal Classification     London London Basement 12/07/2007   SURVEYOR AND VALUER 138809-1001 06/08/2019 06/08/2019 Journal